| 000 | 01107nam a2200313 a 4500 | ||
|---|---|---|---|
| 001 | vtls000117903 | ||
| 003 | ES-BaIT | ||
| 005 | 20211008100347.0 | ||
| 007 | t| | ||
| 008 | 080808s2006 fr a || 000 |fre|c | ||
| 010 | _a117903 | ||
| 020 | _a2914124309 | ||
| 035 |
_a0117-90360 _9ES-BaIT035 |
||
| 039 | 9 |
_a201507150847 _balvarezrb _c201403080620 _dVLOAD _c201303092353 _dVLOAD _y201110060124 _zVLOAD |
|
| 080 | _a793(4) | ||
| 080 | _a793(44)"1931/1952" ARC | ||
| 245 | 0 | 4 |
_aLes Archives internationales de la danse : _b1931-1952 |
| 260 |
_aPantin : _bCentre national de la danse, _c2006 |
||
| 300 |
_a247 p. : _bil. |
||
| 600 | 1 | 4 |
_aMaré, Rolf de _999979 |
| 610 | 2 | 4 |
_aArchives internationales de la danse _xHistòria _999980 |
| 610 | 2 | 4 |
_aBibliotheque - Musée de l'Opéra _xHistòria _999981 |
| 650 | 0 | 4 |
_aDansa _xFons documentals _zFrança _999982 |
| 940 |
_aCVA5 _dIT |
||
| 949 |
_AVIRTUAITEM _D10040 _G10040 _X1 _61900053631 _a793(4) ARC |
||
| 998 | _aVIRTUA | ||
| 998 | _aVTLSSORT0070*0080*0200*0350*0800*0801*2450*2600*3000*6000*6100*6101*6500*9400*9992 | ||
| 999 |
_c105645 _d105645 |
||
| 040 |
_aES-BaIT _bcat |
||